<The> Czech National Bank's forecasting and policy analysis system
Salvato in:
| Altri autori: | , , |
|---|---|
| Natura: | Libro |
| Lingua: | inglese |
| Pubblicazione: |
Praha
Czech National Bank
[2003]
|
| Soggetti: | |
| Tags: |
Nessun Tag, puoi essere il primo ad aggiungerne!!
|
MARC
| LEADER | 00000nam a2200000 4500 | ||
|---|---|---|---|
| 001 | c142998 | ||
| 005 | 20230228071725.3 | ||
| 041 | 0 | |a eng | |
| 044 | |a CZ | ||
| 245 | 1 | 0 | |a <The> Czech National Bank's forecasting and policy analysis system |c edited by Warren Coats, Douglas Laxton, and David Rose |
| 264 | 1 | |a Praha |b Czech National Bank |c [2003] | |
| 300 | |a 142 s. | ||
| 610 | 2 | 0 | |a banky |
| 610 | 2 | 0 | |a bankovníctvo |
| 610 | 2 | 0 | |a obchody bankové |
| 610 | 2 | 0 | |a politika menová |
| 610 | 2 | 0 | |a prognózy |
| 610 | 2 | 0 | |a prognózovanie |
| 610 | 2 | 0 | |a modely prognostické |
| 610 | 2 | 0 | |a simulácia |
| 610 | 2 | 0 | |a simulácia stochastická |
| 610 | 2 | 0 | |a ČNB Praha |
| 700 | 1 | |a Coats, Warren | |
| 700 | 1 | |a Laxton, Douglas | |
| 700 | 1 | |a Rose, David | |